Entrega del premio "Prof. Dr. Antonio Pires" : Bahía Blanca.

Guardado en:
Autor Corporativo: Academia Nacional de Agronomía y Veterinaria (Buenos Aires, Argentina)
Formato: Libro
Idioma:Spanish
Publicado: Buenos Aires : Academia Nacional de Agronomía y Veterinaria, 1995.
Series:Anales. Academia Nacional de Agronomía y Veterinaria ; tomo XLIX nº 9
Acceso en línea:Texto completo del tomo XLIX
Etiquetas: Agregar Etiqueta
Sin Etiquetas, Sea el primero en etiquetar este registro!
LEADER 01007nam a22002175a 4500
001 EEA.libagro005482
005 20180627092254.0
008 130809s1995####ag############000#0#spa#d
022 |a 0327-8093 
082 0 4 |a 630.79 
082 0 4 |a 001.44 
245 1 0 |a Entrega del premio "Prof. Dr. Antonio Pires" :  |b Bahía Blanca. 
260 |a Buenos Aires :  |b Academia Nacional de Agronomía y Veterinaria,  |c 1995. 
300 |a 14 p. ;  |c 26 cm.. 
490 1 |a Anales. Academia Nacional de Agronomía y Veterinaria ;  |v tomo XLIX nº 9 
500 |a Sesión extraordinaria pública del 27 de octubre de 1995. 
710 2 |a Academia Nacional de Agronomía y Veterinaria (Buenos Aires, Argentina) 
856 |u http://sedici.unlp.edu.ar/bitstream/handle/10915/30048/Documento%5Fcompleto.pdf?sequence=1  |y Texto completo del tomo XLIX 
859 |a AR-BbBCA  |b BIB. AGRONOMIA  |h 630.79  |i A168  |p 1996/2796 
859 |a AR-BbBCA  |b BIB. AGRONOMIA  |h 630.79  |i A168  |p 1996/2797  |t Ej.2 
859 |a AR-BbBCA  |b BIB. AGRONOMIA  |h 630.79  |i A168  |p 1996/2798  |t Ej.3